000
00297nam a22001457a 4500
003
SGT
005
20260525111714.0
082
_a
621.3,KAT
100
_a
KATRE J.S.
245
_a
ELECTRICAL TECHNOLOGY
250
_a
1st
260
_b
TECH MAX PUB.
_c
2011
300
_a
400
942
_2
ddc
_c
GF BOOKS
999
_c
34370
_d
34370